00544nam a22001817a 450000500170000000800410001702000180005804000210007604100080009708200180010510000310012324501050015425000120025926000330027130000130030465000260031765000190034320230825164008.0220920b ||||| |||| 00| 0 eng d a9789382056386 aIN-DiNCcIN-DiNC deng a301.0954bBOR aBorgohain, Himantaeauthor aSociology:bIndian society, change and development in Indian (HS second year)/cby Himanta Borgohain a4th ed. aDibrugarh:bBanalata,c2021. ax, 360p. aHS 2nd year sociology aIndian society